[Event "SV Wattenscheid 1 - SC Siegburg 1"]
[Site "Oberliga NRW 2021/2022"]
[Date "2022.01.09"]
[Round "4.3"]
[White "Schmidt, Bodo"]
[Black "Wengenroth, Walter"]
[Result "1/2-1/2"]
[WhiteElo "2241"]
[BlackElo "2224"]
[PlyCount "37"]
[EventDate "2022.??.??"]
[SourceVersionDate "2020.03.16"]
[WhiteTeam "SC Siegburg 1"]
[BlackTeam "SV Wattenscheid 1"]

1. d4 Nf6 2. Nf3 e6 3. e3 b6 4. Bd3 Bb7 5. O-O d5 6. c4 dxc4 7. Bxc4 Be7 8. Nc3
O-O 9. Qe2 c5 10. Rd1 Nbd7 11. e4 cxd4 12. Nxd4 Qc7 13. Bg5 Bd6 14. g3 Be5 15.
Rac1 Rac8 16. Ncb5 Qb8 17. Nf3 Bxe4 18. Nxe5 Nxe5 19. Bxf6 1/2-1/2

[Event "SV Wattenscheid 1 - SC Siegburg 1"]
[Site "Oberliga NRW 2021/2022"]
[Date "2022.01.09"]
[Round "4.4"]
[White "Sandkamp, Ralph"]
[Black "Albrecht, Oliver"]
[Result "1/2-1/2"]
[WhiteElo "2190"]
[BlackElo "2158"]
[PlyCount "85"]
[EventDate "2022.??.??"]
[SourceVersionDate "2020.03.16"]
[WhiteTeam "SV Wattenscheid 1"]
[BlackTeam "SC Siegburg 1"]

1. Nf3 Nf6 2. g3 g6 3. Bg2 Bg7 4. O-O O-O 5. d4 d5 6. c4 dxc4 7. Na3 c3 8. bxc3
c5 9. Ne5 Nc6 10. Nxc6 bxc6 11. Qa4 cxd4 12. cxd4 Bd7 13. Qa6 Nd5 14. Nc2 Qb6
15. Qd3 e5 16. e4 Nc7 17. dxe5 Bc8 18. Qc3 Nb5 19. Qb2 Re8 20. Bf4 Qc5 21. Nb4
Bb7 22. a4 Qd4 23. Rab1 Qxb2 24. Rxb2 Nc3 25. a5 Bxe5 26. Bxe5 Rxe5 27. a6 Bc8
28. Rc1 Na4 29. Ra2 Rc5 30. Rxc5 Nxc5 31. Nxc6 Bd7 32. e5 Bxc6 33. Bxc6 Rb8 34.
Bb7 Kf8 35. Rc2 Nxb7 36. Rb2 Re8 37. Rxb7 Rxe5 38. Rxa7 Ra5 39. Kg2 Ra3 40. g4
g5 41. f3 Kg7 42. Ra8 h6 43. Kg3 1/2-1/2

[Event "SV Wattenscheid 1 - SC Siegburg 1"]
[Site "Oberliga NRW 2021/2022"]
[Date "2022.01.09"]
[Round "4.5"]
[White "Kolkin, Michail"]
[Black "Thiel, Thomas"]
[Result "1/2-1/2"]
[WhiteElo "2319"]
[BlackElo "2223"]
[PlyCount "139"]
[EventDate "2022.??.??"]
[SourceVersionDate "2020.03.16"]
[WhiteTeam "SC Siegburg 1"]
[BlackTeam "SV Wattenscheid 1"]

1. Nf3 Nf6 2. g3 g6 3. b3 Bg7 4. Bb2 O-O 5. Bg2 d6 6. d4 Nbd7 7. O-O e5 8. dxe5
Ng4 9. c4 Ngxe5 10. Nc3 Re8 11. Qd2 a5 12. Rad1 a4 13. Nxe5 Nxe5 14. c5 axb3
15. axb3 Be6 16. Qc2 Nc6 17. Na4 Nb4 18. Qd2 Bxb3 19. Bxg7 Bxd1 20. Qxd1 dxc5
21. Qb3 Kxg7 22. Nxc5 Na6 23. Nxb7 Qf6 24. Qc4 Rab8 25. Bc6 Re6 26. Rc1 Nb4 27.
Bf3 Qb2 28. Qxc7 Na6 29. Qc3+ Qxc3 30. Rxc3 Rb6 31. Na5 Rb1+ 32. Kg2 Rd1 33.
Nb7 Rb1 34. Na5 R8b5 35. Nc6 Rc5 36. Ra3 Nb4 37. Nd4 Rc4 38. e3 Rb2 39. Bd1 Rd2
40. Bb3 Rc3 41. Ra7 Rxd4 42. Rxf7+ Kg8 43. Rf4+ Rxb3 44. Rxd4 Nc6 45. Rd7 Ne5
46. Re7 Nd3 47. Rd7 Ne1+ 48. Kf1 Nf3 49. Rd8+ Kg7 50. Rd7+ Kh6 51. h4 Ne5 52.
Re7 Ng4 53. Rf7 Rb2 54. Kg1 Ne5 55. Re7 Nd3 56. Rf7 g5 57. hxg5+ Kg6 58. Rf8
Kxg5 59. Kg2 h5 60. Rf7 Ne5 61. Rf8 Ng4 62. Kg1 Ra2 63. Rf7 Kg6 64. Rf4 Ra6 65.
Kg2 Ra5 66. Kg1 Rf5 67. Rxf5 Kxf5 68. f3 Nxe3 69. g4+ hxg4 70. fxg4+ 1/2-1/2

[Event "SV Wattenscheid 1 - SC Siegburg 1"]
[Site "Oberliga NRW 2021/2022"]
[Date "2022.01.09"]
[Round "4.7"]
[White "Steffens, Klaus"]
[Black "Koerber, Matthias"]
[Result "0-1"]
[WhiteElo "1842"]
[BlackElo "2199"]
[Annotator "daniel"]
[PlyCount "78"]
[EventDate "2022.??.??"]
[SourceVersionDate "2020.03.16"]
[WhiteTeam "SC Siegburg 1"]
[BlackTeam "SV Wattenscheid 1"]

1. Nf3 Nf6 2. d4 d5 3. g3 c5 4. c3 Nc6 5. Bg2 Bf5 6. O-O e6 7. Nh4 Be4 8. e3
Be7 9. Nd2 Bxg2 10. Nxg2 b5 11. dxc5 Bxc5 12. Qe2 Qb6 13. a4 $11 Rb8 14. axb5
Qxb5 15. Qxb5 Rxb5 16. b4 Bb6 17. Nb1 Bc7 18. f3 a5 19. Na3 Rb7 20. b5 Na7 21.
Rb1 Kd7 22. Rd1 Rhb8 23. c4 Ke8 24. e4 dxc4 25. Nxc4 Nxb5 26. Bf4 Nc3 27. Rxb7
Rxb7 28. Ra1 Ne2+ 29. Kf2 Nxf4 30. Nxf4 Rb5 31. Nd3 Nd7 32. Ke2 Ke7 33. Ra2 h5
34. f4 Nb8 35. Kd2 Nc6 36. Kc3 Kd7 37. Na3 Rb8 38. Nc5+ Kc8 39. Na6 Nb4 0-1

[Event "SV Erkenschwick 1 - SF Essen-Katernberg"]
[Site "Oberliga NRW 2021/2022"]
[Date "2022.01.09"]
[Round "4.1"]
[White "Tomic, Bosko"]
[Black "Jens, Jelmer"]
[Result "0-1"]
[WhiteElo "2382"]
[BlackElo "2404"]
[PlyCount "60"]
[EventDate "2022.??.??"]
[SourceVersionDate "2020.03.16"]
[WhiteTeam "SF Essen-Katernberg  1"]
[BlackTeam "SV Erkenschwick 1"]

1. e4 c5 2. Nf3 d6 3. Nc3 Nc6 4. d4 cxd4 5. Nxd4 Nf6 6. Bg5 e6 7. Bc4 Qb6 8.
Ndb5 Ne5 9. Bb3 a6 10. Nd4 Be7 11. O-O Bd7 12. Kh1 Rc8 13. Be3 Qc7 14. f4 Nc4
15. Bxc4 Qxc4 16. Qf3 O-O 17. e5 dxe5 18. fxe5 Nd5 19. Nxd5 Qxd5 20. Qg3 Qe4
21. c3 Rc5 22. Bf4 Rd5 23. Rae1 Qg6 24. Qe3 Bh4 25. Rd1 Be7 26. c4 Rc5 27. Nf5
exf5 28. Rxd7 Qe6 29. Rxb7 Rxc4 30. Rb6 Bc5 0-1

[Event "SV Erkenschwick 1 - SF Essen-Katernberg"]
[Site "Oberliga NRW 2021/2022"]
[Date "2022.01.09"]
[Round "4.2"]
[White "Erwich, Frank"]
[Black "Kueppers, Timo"]
[Result "0-1"]
[WhiteElo "2397"]
[BlackElo "2286"]
[PlyCount "112"]
[EventDate "2022.??.??"]
[SourceVersionDate "2020.03.16"]
[WhiteTeam "SV Erkenschwick 1"]
[BlackTeam "SF Essen-Katernberg  1"]

1. e4 c5 2. Nf3 d6 3. Bb5+ Nd7 4. Ba4 Ngf6 5. O-O e6 6. Re1 a6 7. c4 Be7 8. Nc3
O-O 9. d4 cxd4 10. Nxd4 Qc7 11. Qe2 Nb6 12. Bb3 Bd7 13. Nc2 Bc6 14. Bf4 Nbd7
15. Nb4 e5 16. Be3 Nxe4 17. Nbd5 Bxd5 18. Nxd5 Qd8 19. Bc2 Nef6 20. Qd3 g6 21.
Nxe7+ Qxe7 22. Rad1 Rac8 23. Qxd6 Qxd6 24. Rxd6 Rxc4 25. Bb3 Rc6 26. Rxc6 bxc6
27. Rd1 Rc8 28. Bc4 a5 29. Rd3 Kg7 30. Bd2 Nc5 31. Ra3 a4 32. Bc3 Nfd7 33. b4
axb3 34. axb3 Rc7 35. Ra5 f6 36. Ra8 Rb7 37. Rg8+ Kh6 38. Bd2+ g5 39. h4 Ne4
40. Be3 Rb8 41. Rxb8 Nxb8 42. Kh2 Nd7 43. Kh3 f5 44. hxg5+ Nxg5+ 45. Kh4 f4 46.
Bc1 Kg6 47. Bd3+ e4 48. Bc2 Kf5 49. f3 Nf6 50. g4+ Kg6 51. Bxf4 Nxf3+ 52. Kg3
Nd4 53. Bd1 Nd5 54. Be5 c5 55. Bd6 Nc3 56. Bxc5 Ne6 0-1

[Event "SV Erkenschwick 1 - SF Essen-Katernberg"]
[Site "Oberliga NRW 2021/2022"]
[Date "2022.01.09"]
[Round "4.3"]
[White "Rosen, Bernd"]
[Black "Willemze, Thomas"]
[Result "1-0"]
[WhiteElo "2278"]
[BlackElo "2350"]
[PlyCount "139"]
[EventDate "2022.??.??"]
[SourceVersionDate "2020.03.16"]
[WhiteTeam "SF Essen-Katernberg  1"]
[BlackTeam "SV Erkenschwick 1"]

1. Nf3 d5 2. g3 Nd7 3. d4 Nb6 4. Bg2 Bf5 5. Nbd2 c6 6. Nh4 e6 7. Nxf5 exf5 8.
O-O Nf6 9. e3 h5 10. Bh3 g6 11. f3 Bg7 12. c3 O-O 13. Bg2 Re8 14. Re1 h4 15.
Nf1 hxg3 16. Nxg3 Nc4 17. b3 Nd6 18. Bd2 a5 19. a4 Qb6 20. Rb1 Qc7 21. Kh1 Rad8
22. Qc1 b5 23. Qa3 Bf8 24. Qa2 Ra8 25. Bf1 Nh7 26. Bg2 Qd7 27. Rg1 Bg7 28. Rbe1
Nf6 29. Bf1 Qb7 30. Bd3 Kh7 31. Bc1 bxa4 32. bxa4 Bh6 33. Qg2 Qd7 34. Qh3 Rh8
35. e4 f4 36. Nf5 Nh5 37. Qh4 dxe4 38. fxe4 Ng3+ 39. Nxg3 fxg3 40. Bxh6 gxh2
41. Rg2 Kg8 42. Rxh2 Re8 43. Qf6 Nf5 44. Bf4 Rxh2+ 45. Bxh2 Ng3+ 46. Bxg3 Qh3+
47. Bh2 Qxd3 48. Be5 Rxe5 49. Qxe5 Qxc3 50. Re2 Qd3 51. Qb8+ Kg7 52. Qe5+ Kg8
53. Qb8+ Kg7 54. Qb2 Qh3+ 55. Kg1 Qg3+ 56. Kf1 Kg8 57. e5 c5 58. dxc5 Qf3+ 59.
Ke1 Qh1+ 60. Kf2 Qh2+ 61. Ke3 Qg1+ 62. Rf2 Qg3+ 63. Ke4 Qg4+ 64. Rf4 Qd1 65.
Qd4 Qh1+ 66. Rf3 Qh4+ 67. Kd5 Qe7 68. Rf6 Qb7+ 69. c6 Qb3+ 70. Ke4 1-0

[Event "SV Erkenschwick 1 - SF Essen-Katernberg"]
[Site "Oberliga NRW 2021/2022"]
[Date "2022.01.09"]
[Round "4.4"]
[White "De Vreugt, Dennis"]
[Black "Wessendorf, Thomas"]
[Result "1-0"]
[WhiteElo "2326"]
[BlackElo "2242"]
[PlyCount "79"]
[EventDate "2022.??.??"]
[SourceVersionDate "2020.03.16"]
[WhiteTeam "SV Erkenschwick 1"]
[BlackTeam "SF Essen-Katernberg  1"]

1. e4 c5 2. Nf3 e6 3. d4 cxd4 4. Nxd4 Nf6 5. Nc3 Nc6 6. Ndb5 Bb4 7. a3 Bxc3+ 8.
Nxc3 d5 9. exd5 exd5 10. Bd3 O-O 11. O-O d4 12. Ne2 Bg4 13. Bg5 h6 14. Bh4 Bxe2
15. Qxe2 Re8 16. Qf3 Ne5 17. Qxb7 Nxd3 18. cxd3 Qd5 19. Qc7 g5 20. Bg3 Rac8 21.
Qxa7 Rc2 22. b4 Ng4 23. Kh1 Ree2 24. Qa5 Qd7 25. Qa8+ Kh7 26. Qf3 f5 27. h3 Nf6
28. Rae1 Qe6 29. Rxe2 Rxe2 30. Bh2 Kg6 31. Rc1 Nd5 32. Rc5 Re1+ 33. Bg1 Nf6 34.
Rc6 Qa2 35. g4 f4 36. Kg2 Re3 37. Rxf6+ Kxf6 38. Qa8 Re5 39. Qh8+ Kf7 40. Qxe5
1-0

[Event "SV Erkenschwick 1 - SF Essen-Katernberg"]
[Site "Oberliga NRW 2021/2022"]
[Date "2022.01.09"]
[Round "4.5"]
[White "Meyer, Armin"]
[Black "Erwich, Marc"]
[Result "0-1"]
[WhiteElo "2250"]
[BlackElo "2279"]
[PlyCount "104"]
[EventDate "2022.??.??"]
[SourceVersionDate "2020.03.16"]
[WhiteTeam "SF Essen-Katernberg  1"]
[BlackTeam "SV Erkenschwick 1"]

1. d4 d5 2. c4 dxc4 3. e3 e5 4. Bxc4 exd4 5. exd4 Nf6 6. Nf3 Bb4+ 7. Nc3 O-O 8.
Be3 Bg4 9. Qb3 Bxf3 10. gxf3 Nc6 11. O-O-O Bxc3 12. Qxc3 Nd5 13. Qd2 Qd6 14.
Rhg1 Nce7 15. Kb1 c6 16. Bd3 f5 17. Bg5 Ng6 18. h4 Ngf4 19. Bc4 Kh8 20. Bxf4
Nxf4 21. Rge1 Rad8 22. Re5 Ng6 23. Re6 Qh2 24. Qg5 Qxf2 25. h5 Rxd4 26. Rc1 Qh4
27. Qe3 Rxc4 28. Rxc4 Qxc4 29. hxg6 hxg6 30. b3 Qd5 31. Kc2 Rd8 32. Qe2 f4 33.
Re7 b5 34. Re5 Qd4 35. Re4 Qa1 36. Re8+ Rxe8 37. Qxe8+ Kh7 38. Qxc6 Qxa2+ 39.
Kc3 Qa5+ 40. Kd3 Qe1 41. Qb7 a5 42. Kc2 Qe2+ 43. Kb1 Qd3+ 44. Kb2 b4 45. Qe7
Qc3+ 46. Ka2 Qc2+ 47. Ka1 Qc1+ 48. Ka2 Qa3+ 49. Kb1 Qxb3+ 50. Ka1 Qc3+ 51. Kb1
Qxf3 52. Qh4+ Qh5 0-1

[Event "SV Erkenschwick 1 - SF Essen-Katernberg"]
[Site "Oberliga NRW 2021/2022"]
[Date "2022.01.09"]
[Round "4.6"]
[White "Homs, Guust"]
[Black "Schimnatkowski, Lukas"]
[Result "1/2-1/2"]
[WhiteElo "2130"]
[BlackElo "2221"]
[Annotator "daniel"]
[PlyCount "74"]
[EventDate "2022.??.??"]
[SourceVersionDate "2020.03.16"]
[WhiteTeam "SV Erkenschwick 1"]
[BlackTeam "SF Essen-Katernberg  1"]

1. e4 e5 2. Nf3 Nc6 3. Nc3 Nf6 4. d4 exd4 5. Nxd4 Bb4 6. Nxc6 bxc6 7. Bd3 d5 8.
exd5 O-O 9. O-O Bg4 10. f3 Bh5 11. dxc6 Qd4+ 12. Kh1 Bxc3 13. bxc3 Qxc3 14. Rb1
Qxc6 15. Rb3 Rad8 16. Bb2 Bg6 17. Re1 Rfe8 18. Rxe8+ Rxe8 19. Bxg6 $11 hxg6 20.
h3 Nh5 21. Rd3 Qc4 22. a3 Qh4 23. Bc3 Re2 24. Rd4 Qf2 25. Qg1 Ng3+ 26. Kh2 Nf1+
27. Kh1 Ng3+ 28. Kh2 Qxg1+ 29. Kxg1 Rxc2 30. Rd8+ Kh7 31. Be5 Ne2+ 32. Kf1 f6
33. Bxc7 Rxc7 34. Kxe2 Rc2+ 35. Rd2 Rc6 36. Rd4 Rc2+ 37. Rd2 Rc3 1/2-1/2

[Event "SV Erkenschwick 1 - SF Essen-Katernberg"]
[Site "Oberliga NRW 2021/2022"]
[Date "2022.01.09"]
[Round "4.7"]
[White "Bee, Marcus"]
[Black "Krings, Christoph"]
[Result "1-0"]
[WhiteElo "2190"]
[BlackElo "2117"]
[PlyCount "97"]
[EventDate "2022.??.??"]
[SourceVersionDate "2020.03.16"]
[WhiteTeam "SF Essen-Katernberg  1"]
[BlackTeam "SV Erkenschwick 1"]

1. g3 e5 2. Bg2 Nf6 3. c4 d5 4. cxd5 Nxd5 5. Nc3 Nb6 6. Nf3 Nc6 7. a3 Be7 8. b4
a6 9. d3 Be6 10. O-O f6 11. Be3 Nd5 12. Nxd5 Bxd5 13. Qc2 O-O 14. Rac1 Qd7 15.
Rfd1 Rae8 16. Nd2 Bxg2 17. Kxg2 f5 18. Nf3 Bd6 19. b5 axb5 20. Qb3+ Kh8 21.
Qxb5 Bxa3 22. Rc3 Bd6 23. Qxb7 Nd8 24. Qd5 f4 25. Bc1 Rf6 26. Rc4 Rh6 27. Re4
Qh3+ 28. Kg1 Rf8 29. Rxe5 fxg3 30. Bxh6 gxf2+ 31. Kxf2 Qxh2+ 32. Ke1 Qxh6 33.
Rf5 Re8 34. Rg5 Ne6 35. Rh5 Qg6 36. Qf5 Qg3+ 37. Kf1 Nf8 38. Rg5 Qf4 39. Qxf4
Bxf4 40. Ra5 Kg8 41. Rda1 Ne6 42. R1a4 Rf8 43. Re4 Ng5 44. Rxf4 Rxf4 45. Rxg5
h6 46. Rc5 g5 47. Kg2 Rf7 48. Kg3 Kg7 49. Rc6 1-0

[Event "SV Erkenschwick 1 - SF Essen-Katernberg"]
[Site "Oberliga NRW 2021/2022"]
[Date "2022.01.09"]
[Round "4.8"]
[White "Eggenstein, Frank"]
[Black "Gassmann, Volker"]
[Result "0-1"]
[WhiteElo "1972"]
[BlackElo "2191"]
[Annotator "daniel"]
[PlyCount "146"]
[EventDate "2022.??.??"]
[SourceVersionDate "2020.03.16"]
[WhiteTeam "SV Erkenschwick 1"]
[BlackTeam "SF Essen-Katernberg  1"]

1. c4 Nf6 2. g3 e5 3. Bg2 h6 4. Nc3 Bb4 5. e3 O-O 6. Nge2 c6 7. d4 d6 8. O-O
Qe7 9. Qa4 Bxc3 10. Nxc3 e4 11. b4 Nbd7 12. c5 Re8 13. Qc2 dxc5 14. bxc5 b6 15.
cxb6 axb6 16. a4 Ba6 17. Rd1 Qe6 18. Ba3 Bd3 19. Rxd3 exd3 20. Qxd3 Rac8 21.
Rb1 Red8 22. Qf1 Nd5 23. Nd1 f5 24. Qd3 N7f6 25. Nc3 g6 26. Nxd5 cxd5 27. Qa6
Rc6 28. Bf1 Qc8 29. Qb5 Ne4 30. Bb4 Qd7 31. Rd1 Kf7 32. a5 bxa5 33. Qxa5 Qc8
34. Ra1 Qc7 35. Qa3 Rb8 36. Be1 Ke6 37. Bg2 Nd6 38. Bf1 Nc4 39. Qa2 h5 40. Bg2
Rb2 41. Qa8 Qc8 42. Qa7 $11 Qb7 43. Qa4 Rbb6 44. Qd1 Ra6 45. Rb1 Rcb6 46. Rc1
Nb2 47. Qe2 Rc6 48. Rb1 Rab6 49. Ra1 Rb5 50. h3 Nc4 51. Kh2 Rb1 52. Rxb1 Qxb1
53. Qf3 Rd6 54. Qe2 Ra6 55. Qf3 Qb7 56. Bc3 Ra3 57. Be1 Ra1 58. Bc3 Rc1 59. Bb4
Qxb4 60. Qxd5+ Ke7 61. h4 Qd6 62. Qg8 Qe6 63. Qa8 Nd6 64. d5 Qc8 65. Qa7+ Qc7
66. Qd4 Kf7 67. Qe5 Qe7 68. Qh8 Rc8 69. Qd4 Kg8 70. Qb2 Kh7 71. Qd4 Rc2 72. Qf4
Ne4 73. f3 Nd6 0-1

[Event "SF Brackel 1 - SV Letmathe 1"]
[Site "Oberliga NRW 2021/2022"]
[Date "2022.01.09"]
[Round "4.1"]
[White "Soukup, Jiri"]
[Black "Fiebig, Thomas"]
[Result "1/2-1/2"]
[WhiteElo "2354"]
[BlackElo "2415"]
[PlyCount "195"]
[EventDate "2022.??.??"]
[SourceVersionDate "2020.03.16"]
[WhiteTeam "SV Letmathe 1"]
[BlackTeam "SF Brackel 1"]

1. e4 e6 2. Qe2 Be7 3. f4 d5 4. d3 c5 5. Nf3 Nc6 6. g3 Nf6 7. Bg2 O-O 8. O-O b6
9. e5 Ne8 10. b3 f5 11. Bb2 Bb7 12. c4 Nc7 13. Nc3 Qd7 14. Rad1 d4 15. Nb1 a6
16. Bc1 b5 17. g4 Nd8 18. Ng5 Bxg2 19. Qxg2 Nf7 20. Nxf7 Rxf7 21. gxf5 Rxf5 22.
Nd2 Rb8 23. Ne4 Kh8 24. Rf3 Rbf8 25. Rh3 Qe8 26. Kh1 Rg8 27. Ng3 Rgf8 28. Ne4
g6 29. Rg1 Rg8 30. Nd6 Bxd6 31. exd6 Na8 32. Qb7 Rf7 33. Qxa6 bxc4 34. bxc4
Rgg7 35. f5 Ra7 36. Qb5 Qxb5 37. cxb5 gxf5 38. Bf4 Rxg1+ 39. Kxg1 Nb6 40. Rh6
Rxa2 41. Rxe6 Ra7 42. Re5 Nd7 43. Rxf5 Kg7 44. Rg5+ Kf7 45. h4 Rb7 46. h5 Rxb5
47. h6 Ke6 48. Rg7 Nf6 49. Re7+ Kf5 50. Bg3 Rb8 51. Bh4 Rd8 52. d7 Nxd7 53.
Rxh7 Kg6 54. Re7 Nf8 55. h7 Nxh7 56. Rxh7 Rc8 57. Rd7 Kf5 58. Kf2 c4 59. Ke2
cxd3+ 60. Kxd3 Rc3+ 61. Kxd4 Rh3 62. Bf2 Rh1 63. Rd5+ Ke6 64. Ra5 Rf1 65. Be3
Rh1 66. Ke4 Rh4+ 67. Bf4 Rh1 68. Ra6+ Kd7 69. Be5 Rb1 70. Rh6 Ke7 71. Rc6 Kd7
72. Ra6 Ke7 73. Bd4 Rb5 74. Be5 Rb1 75. Kf5 Rf1+ 76. Bf4 Kd7 77. Rd6+ Ke7 78.
Rd3 Rf2 79. Rc3 Rf1 80. Rc7+ Kd8 81. Rh7 Kc8 82. Ke4 Rd1 83. Rc7+ Kd8 84. Kf5
Rd7 85. Rc4 Ke7 86. Rc6 Kf7 87. Be5 Ke7 88. Bf6+ Kf7 89. Rc8 Rd5+ 90. Be5 Rd7
91. Rh8 Ke7 92. Rh6 Kf7 93. Bd6 Kg7 94. Rg6+ Kf7 95. Rf6+ Kg7 96. Bf8+ Kg8 97.
Kg6 Rg7+ 98. Bxg7 1/2-1/2

[Event "SF Brackel 1 - SV Letmathe 1"]
[Site "Oberliga NRW 2021/2022"]
[Date "2022.01.09"]
[Round "4.2"]
[White "Luft, Dennis"]
[Black "Schleining, Zoya"]
[Result "0-1"]
[WhiteElo "2263"]
[BlackElo "2288"]
[PlyCount "140"]
[EventDate "2022.??.??"]
[SourceVersionDate "2020.03.16"]
[WhiteTeam "SF Brackel 1"]
[BlackTeam "SV Letmathe 1"]

1. e4 c5 2. d3 Nc6 3. g3 d5 4. exd5 Qxd5 5. Nf3 Nf6 6. Bg2 Bg4 7. h3 Bxf3 8.
Bxf3 Qd7 9. Nd2 e6 10. O-O Be7 11. Re1 O-O 12. Nc4 Rfd8 13. b3 Nd5 14. Bb2 Nd4
15. Bg2 Bf6 16. a4 Qc7 17. Rb1 g6 18. Ne3 Ne7 19. Bxd4 cxd4 20. Ng4 Bg7 21. Qd2
Rac8 22. Re2 Nf5 23. Be4 Nd6 24. Bg2 Nf5 25. Be4 Nd6 26. Bg2 h5 27. Ne5 Bxe5
28. Rxe5 Qxc2 29. Qxc2 Rxc2 30. Bf1 Rdc8 31. Re2 Rxe2 32. Bxe2 e5 33. Re1 Rc3
34. Bf1 f6 35. f4 exf4 36. gxf4 Nf5 37. Re8+ Kg7 38. Ra8 a6 39. Rd8 Rxb3 40.
Bg2 b5 41. axb5 axb5 42. Be4 Ng3 43. Rd7+ Kh6 44. Kf2 Nxe4+ 45. dxe4 Rxh3 46.
Rxd4 Rc3 47. Rd6 Kg7 48. Rd7+ Kf8 49. Rb7 Rc5 50. Rb8+ Kg7 51. Rb7+ Kh6 52. Rb6
f5 53. e5 Rc4 54. Kf3 b4 55. Rb8 Re4 56. Rc8 h4 57. Rh8+ Kg7 58. Rb8 h3 59.
Rb7+ Kf8 60. Rb8+ Ke7 61. Rb7+ Kd8 62. Rg7 b3 63. Rxg6 Rb4 64. Rg1 b2 65. Rb1
Rb3+ 66. Kf2 Ke7 67. Kg1 Ke6 68. Kh1 Kd5 69. Kh2 Kc5 70. Kh1 Kb4 0-1

[Event "SF Brackel 1 - SV Letmathe 1"]
[Site "Oberliga NRW 2021/2022"]
[Date "2022.01.09"]
[Round "4.3"]
[White "Gruermann, Martin"]
[Black "Kartsev, Soel"]
[Result "1/2-1/2"]
[WhiteElo "2201"]
[BlackElo "2193"]
[PlyCount "56"]
[EventDate "2022.??.??"]
[SourceVersionDate "2020.03.16"]
[WhiteTeam "SV Letmathe 1"]
[BlackTeam "SF Brackel 1"]

1. e4 d5 2. exd5 Nf6 3. c4 c6 4. Nc3 cxd5 5. d4 e6 6. Nf3 Bb4 7. cxd5 Nxd5 8.
Bd2 Nc6 9. Bd3 b6 10. Rc1 Bb7 11. O-O Be7 12. Re1 O-O 13. Nxd5 Qxd5 14. Be4 Qd6
15. Ne5 Rac8 16. Bf4 Nxe5 17. Bxb7 Rxc1 18. Qxc1 Qd7 19. Bxe5 Qxb7 20. Qe3 Qd5
21. a3 Rd8 22. h3 f6 23. Bg3 Kf7 24. Qe2 Bd6 25. Bxd6 Rxd6 26. Rc1 Rd7 27. Rc8
Qf5 28. Qd1 h6 1/2-1/2

[Event "SF Brackel 1 - SV Letmathe 1"]
[Site "Oberliga NRW 2021/2022"]
[Date "2022.01.09"]
[Round "4.4"]
[White "Fluechter, Gregor"]
[Black "Pfleger, Sascha"]
[Result "1-0"]
[WhiteElo "2230"]
[BlackElo "1960"]
[PlyCount "25"]
[EventDate "2022.??.??"]
[SourceVersionDate "2020.03.16"]
[WhiteTeam "SF Brackel 1"]
[BlackTeam "SV Letmathe 1"]

1. e4 c5 2. f4 e6 3. Nf3 d5 4. Bb5+ Bd7 5. Bxd7+ Qxd7 6. Ne5 Qd8 7. exd5 Qxd5
8. Qe2 a6 9. Nc3 Qd4 10. f5 Nf6 11. Nxf7 Be7 12. Nxh8 exf5 13. d3 1-0

[Event "SF Brackel 1 - SV Letmathe 1"]
[Site "Oberliga NRW 2021/2022"]
[Date "2022.01.09"]
[Round "4.5"]
[White "Hunold, Rolf"]
[Black "Steinmetzer, Thomas"]
[Result "0-1"]
[WhiteElo "1940"]
[BlackElo "2202"]
[PlyCount "78"]
[EventDate "2022.??.??"]
[SourceVersionDate "2020.03.16"]
[WhiteTeam "SV Letmathe 1"]
[BlackTeam "SF Brackel 1"]

1. e4 e5 2. Nf3 Nc6 3. d4 exd4 4. Bc4 Nf6 5. e5 d5 6. Bb5 Ne4 7. Nxd4 Bd7 8.
Bxc6 bxc6 9. O-O Bc5 10. f3 Ng5 11. Be3 O-O 12. Qd2 Be7 13. Nb3 f6 14. exf6
Bxf6 15. c3 Nf7 16. Na3 Nd6 17. Rae1 Bf5 18. Nc5 a5 19. Bf4 h5 20. Ne6 Bxe6 21.
Rxe6 Qc8 22. Rfe1 Ne4 23. R6xe4 dxe4 24. Rxe4 Rd8 25. Qe2 Qd7 26. Qc4+ Kh7 27.
Re6 Re8 28. Re4 g6 29. Qc5 Be7 30. Qc4 Bxa3 31. bxa3 Rxe4 32. fxe4 Rb8 33. h3
Rf8 34. e5 Qf5 35. Bg3 Qb1+ 36. Kh2 Rf1 37. Bf4 Rh1+ 38. Kg3 Qe1+ 39. Kf3 Rf1+
0-1

[Event "SF Brackel 1 - SV Letmathe 1"]
[Site "Oberliga NRW 2021/2022"]
[Date "2022.01.09"]
[Round "4.6"]
[White "Korten, Lando"]
[Black "Schaar, Axel"]
[Result "1-0"]
[WhiteElo "2178"]
[BlackElo "1852"]
[PlyCount "51"]
[EventDate "2022.??.??"]
[SourceVersionDate "2020.03.16"]
[WhiteTeam "SF Brackel 1"]
[BlackTeam "SV Letmathe 1"]

1. d4 f5 2. c4 e6 3. Nc3 Nf6 4. f3 Bb4 5. Bd2 O-O 6. Qc2 d5 7. e3 c5 8. O-O-O
Nc6 9. cxd5 exd5 10. dxc5 Bxc5 11. Nxd5 Nxd5 12. Qxc5 Be6 13. Bc4 Rc8 14. Bc3
b6 15. Bxd5 bxc5 16. Bxe6+ Kh8 17. Rxd8 Rcxd8 18. Nh3 h6 19. Nf4 Kh7 20. Nh5 g6
21. Nf4 g5 22. Nh5 Kg6 23. Ng3 Rd6 24. Bxf5+ Rxf5 25. Nxf5 Kxf5 26. Rd1 1-0

[Event "SF Brackel 1 - SV Letmathe 1"]
[Site "Oberliga NRW 2021/2022"]
[Date "2022.01.09"]
[Round "4.7"]
[White "Heeke, Guido"]
[Black "Goldschmidt, Christian"]
[Result "0-1"]
[WhiteElo "1857"]
[BlackElo "2184"]
[PlyCount "82"]
[EventDate "2022.??.??"]
[SourceVersionDate "2020.03.16"]
[WhiteTeam "SV Letmathe 1"]
[BlackTeam "SF Brackel 1"]

1. c4 e6 2. Nf3 d5 3. d4 Nf6 4. Nc3 c5 5. e3 a6 6. dxc5 Bxc5 7. cxd5 exd5 8.
Be2 O-O 9. O-O Nc6 10. b3 Qd6 11. Bb2 Ba7 12. Rc1 Bg4 13. Nb1 Rad8 14. Nbd2
Rfe8 15. Re1 Bb8 16. g3 Ba7 17. Nd4 Bc8 18. N2f3 Ne4 19. Qc2 Nb4 20. Qb1 Qh6
21. Bf1 Nc6 22. Qc2 Rd6 23. Nh4 Rf6 24. Ndf3 g5 25. Bxf6 Qxf6 26. Nxg5 Nxg5 27.
Bg2 Nh3+ 28. Bxh3 Bxh3 29. Qd2 Rd8 30. Qe2 Ne5 31. Rc7 Bg4 32. Qf1 Nf3+ 33.
Nxf3 Bxf3 34. Rec1 d4 35. exd4 Bxd4 36. Rc8 Rxc8 37. Rxc8+ Kg7 38. h3 Bc6 39.
Qe2 h5 40. Rb8 Qf5 41. Rd8 Qxh3 0-1

[Event "SF Brackel 1 - SV Letmathe 1"]
[Site "Oberliga NRW 2021/2022"]
[Date "2022.01.09"]
[Round "4.8"]
[White "Elier, Ali"]
[Black "Atasoy, Tarik"]
[Result "1-0"]
[WhiteElo "2110"]
[BlackElo "1766"]
[PlyCount "63"]
[EventDate "2022.??.??"]
[SourceVersionDate "2020.03.16"]
[WhiteTeam "SF Brackel 1"]
[BlackTeam "SV Letmathe 1"]

1. e4 c5 2. d4 cxd4 3. c3 d3 4. Bxd3 Nc6 5. c4 Nf6 6. Nf3 d6 7. h3 e6 8. Nc3
Be7 9. O-O O-O 10. Bf4 Nd7 11. Qe2 Nde5 12. Rfd1 Nxf3+ 13. Qxf3 e5 14. Be3 Be6
15. Be2 f5 16. exf5 Rxf5 17. Qe4 Qf8 18. Nb5 Rf6 19. Bg5 Rxf2 20. Bxe7 Nxe7 21.
Nc7 Bd7 22. Qe3 Rxe2 23. Qxe2 Rc8 24. Rf1 Qd8 25. Nd5 Nxd5 26. cxd5 Qb6+ 27.
Kh1 Bb5 28. Qg4 Re8 29. Rf3 e4 30. Rg3 Qd4 31. Re1 Bd3 32. Qd7 1-0

[Event "SV Letmathe 1 - SV Erkenschwick 1"]
[Site "Oberliga NRW 2021/2022"]
[Date "2022.01.30"]
[Round "5.1"]
[White "Jens, Jelmer"]
[Black "Bosch, Jeroen"]
[Result "1-0"]
[WhiteElo "2404"]
[BlackElo "2390"]
[PlyCount "63"]
[EventDate "2022.??.??"]
[SourceVersionDate "2020.03.16"]
[WhiteTeam "SV Erkenschwick 1"]
[BlackTeam "SV Letmathe 1"]

1. e4 c6 2. Nf3 d5 3. Nc3 dxe4 4. Nxe4 Nf6 5. Qe2 Nxe4 6. Qxe4 Nd7 7. Bc4 Nf6
8. Ne5 e6 9. Qe2 b5 10. Bb3 Qc7 11. O-O Bd6 12. d4 O-O 13. Bf4 a5 14. c3 Bb7
15. Rad1 Rad8 16. Rfe1 Nd5 17. Bg3 Rfe8 18. Bc2 Rb8 19. Qh5 f5 20. Nd3 b4 21.
Bxd6 Qxd6 22. Nc5 Nf6 23. Qh3 bxc3 24. bxc3 Bc8 25. Bb3 Kf8 26. Re5 Ng4 27. Re2
h6 28. Rde1 Rb5 29. f3 Nf6 30. Nxe6+ Bxe6 31. Bxe6 Qa3 32. Qg3 1-0

[Event "SV Letmathe 1 - SV Erkenschwick 1"]
[Site "Oberliga NRW 2021/2022"]
[Date "2022.01.30"]
[Round "5.2"]
[White "Schleining, Zoya"]
[Black "Jonkman, Harmen"]
[Result "1-0"]
[WhiteElo "2288"]
[BlackElo "2383"]
[PlyCount "59"]
[EventDate "2022.??.??"]
[SourceVersionDate "2020.03.16"]
[WhiteTeam "SV Letmathe 1"]
[BlackTeam "SV Erkenschwick 1"]

1. e4 e5 2. Nf3 Nc6 3. d4 exd4 4. Nxd4 Qf6 5. Nxc6 Bc5 6. Qf3 bxc6 7. Nd2 d6 8.
Nb3 Bb6 9. Bd2 Qg6 10. Bd3 Ne7 11. c4 O-O 12. c5 dxc5 13. Rc1 f5 14. e5 Be6 15.
O-O Qf7 16. Nxc5 Bxc5 17. Rxc5 Bxa2 18. Ba5 Ng6 19. Qxc6 Nf4 20. Ba6 Rab8 21.
Qa4 Qg6 22. Qxf4 Qxa6 23. b4 c6 24. Bc7 Rb7 25. Bd6 Re8 26. Rfc1 Bd5 27. Qxf5
Rf7 28. Qc2 Qb7 29. b5 cxb5 30. Rc8 1-0